| 000 | 00552nam a2200229Ia 4500 | ||
|---|---|---|---|
| 003 | OSt | ||
| 005 | 20220928101730.0 | ||
| 006 | a|||||r|||| 00| 0 | ||
| 007 | ta | ||
| 008 | 220927b |||||||| |||| 00| 0 eng d | ||
| 024 | _a100477 | ||
| 037 | _cTextual | ||
| 040 |
_aSDCL _cSDCL _beng |
||
| 041 |
_2eng _aeng |
||
| 082 | _aO15,1F75,1, 15J2 | ||
| 100 |
_aHarsh _9394422 |
||
| 245 | 0 | _aNaishadiyacharitam. | |
| 260 | _c1952 | ||
| 300 |
_a118p. _ccm. |
||
| 942 |
_hO15,1F75,1, 15J2 _cTEXL _2CC |
||
| 999 |
_c709985 _d709985 |
||